00593 a2200193 4500003000500000005001700005010001300022040000900035082001500044100002700059245004500086260005300131300001700184600002700201650001600228942001200244999001900256952012400275Nust20230529122053.0 a42005685 cNust a808.83,GIB aGibbs, Philip,9112582 aThe long alert/ba novel by Philip Gibbs aLondon and MelbournebHutchinson & co. ltdc1941 a223 pb19 cm aGibbs, Philip,9112582 aNovel92525 2ddccBK c186861d186861 00102ddc4070aMCSbMCScGENd2016-12-12o808.83,GIBpMCS29815r2016-12-08w2016-12-12yBKzAlmirah No.56, Shelf No.6